000 00209nam a2200085Ia 4500
008 170617s9999 xx 000 0 und d
100 _aStanbury- P.F
245 0 _aPricnipal of Fermention Technology
260 _bElesvir Pub
260 _c2008
999 _c15348
_d15348